| 000 | 00422nam a22001697a 4500 | ||
|---|---|---|---|
| 005 | 20180904125416.0 | ||
| 008 | 160524b xxu||||| |||| 00| 0 eng d | ||
| 020 | _a81-7866-887-4 | ||
| 041 | _aeng | ||
| 082 |
_b4605 _a658.4012 |
||
| 100 |
_aSrivastava, R. M. _94858 |
||
| 245 | _aInternational Stratigic Mgt. | ||
| 260 |
_aNew Delhi _bAcademic Faundation |
||
| 300 | _a729p, | ||
| 650 |
_aManagement _9241 |
||
| 942 | _cBK | ||
| 999 |
_c1547 _d1546 |
||